000 00362nam a2200145Ia 4500
008 221030s9999 xx 000 0 und d
041 _aEnglish
082 _a105.23
100 _aM. K. Jain
245 0 _aNumerical Methods For Scientific and Engineering
_cby M. K. Jain, S. R. K Jain
260 _c0
650 _aB
700 _aS. R. K Jain
942 _cBK
999 _c13348
_d13348